000 00597nam a2200193 4500
001 116447
003 ES-MaACL
005 20230906190716.0
007 t|
008 061121s1977 sp r ||||1| spa d
100 1 _aPaul, D. H.
_989628
245 1 0 _aFisiología de la célula nerviosa /
_cD. H. Paul ; versión Pilar Carasa ; revisión: Carlos Grau Fenallosa.
250 _a1ª ed.
260 _aMadrid :
_bBlume,
_c1977.
300 _aVIII, 134 p. :
_bil. ;
_c21 cm.
700 1 _aCarasa, Pilar.
_934967
700 1 _aGrau Fenallosa, Carlos.
_959752
852 _aES-MaACL
_jA-6340
_bR.95593
999 _c116447
_d116447